Statystyki dla Pechowe liczby w różnych kulturach.

Kliknij tutaj aby rozwiązać quiz!

Ogólne statystyki

  • Ten quiz został rozwiązany 194 razy
  • Średni wynik to 3 z 6

Statystyki odpowiedzi

PaństwoLiczba% Poprawnych
Chiny | Korea | Japonia | Wietnam | Malezja | Singapur4
83%
Japonia9 | 49 | 94
64%
Kraje Chrześcijańskie666
61%
Włochy17
45%
Afganistan39
17%
Kraje języka mandaryńskiego7456
4%

Rozkład punktacji

Percentyl według liczby udzielonych odpowiedzi

Procent ludzi z każdym wynikiem

Twoja historia wyników

Nie rozwiązałeś tego quizu